000 00654nam a22002417a 4500
001 40318
003 UA-OsUOA
005 20210817103635.0
007 ta
008 20060724b un ||||| |||| 00| 0 ukr d
040 _aUA-OsUOA
_brus
_cUA-OsUOA
_dUA-OsUOA
041 _arus
080 _a821.161.1
090 _a821.161.1
_bТ530
100 _aТолстой Л.Н.
245 _aСобрание сочинений в двенадцати томах
260 _aМ.
_bПравда
_c1984
300 _a573 с.
505 _gТ.1
650 7 _a82 Література. Літературознавство
_2UDC
942 _cBK
_2udc
955 _a3
999 _c326470
_d326470